000 00677nam a2200277Ia 4500
005 20260324122609.0
008 008 260324s9999 xx 000 0 eng d
020 _a9780203080467
037 _aEBOOK
040 _aCRL
040 _beng
040 _cCRL
041 _2eng
041 _aeng
084 _qCRL
100 _aAndrea Mammone; Emmanuel Godin; Brian Jenkins
_91167068
245 0 _aVarieties of Right-Wing Extremism in Europe
260 _bTaylor and Francis
260 _c2013
365 _a
365 _b230
856 _uhttp://www.taylorfrancis.com/books/9780203080467
942 _cEBOOK
999 _c1759927
_d1759927